D'Artagnan y los tres mosqueteros = D'Artagnan et les trois mousquetaires /
-д хадгалсан:
| Үндсэн зохиолч: | |
|---|---|
| Бусад зохиолчид: | , , , , , , , , |
| Формат: | |
| Хэл сонгох: | франц |
| Хэвлэсэн: |
París, Francia : Alemania : Praga, República Checa :
GMT Productions ; EOS ; Okko Productions,
2005, c2005
|
| Цуврал: | (Grandes Series Eurolatinoamericana)
|
| Нөхцлүүд: | |
| Шошгууд: |
Шошго байхгүй, Энэхүү баримтыг шошголох эхний хүн болох!
|
MARC
| LEADER | 00000ngm^a2200000^a^4500 | ||
|---|---|---|---|
| 001 | 000270493 | ||
| 005 | 20250521000000.0 | ||
| 008 | 070822 20052005 | ||
| 009 | 20260310110957.966 | ||
| 037 | |a Acervo ITESO - Biblioteca | ||
| 041 | |a FRA | ||
| 082 | |a 840. |b AKN | ||
| 100 | |a Aknine, Pierre |e (realización) | ||
| 240 | 1 | 5 | |a [Los tres mosqueteros. Adaptaciones] |
| 240 | 1 | 5 | |a [Los tres mosqueteros] |
| 240 | 1 | 5 | |a [Las novelas de D'Artagnan. Adaptaciones] |
| 240 | 1 | 5 | |a [Las novelas de D'Artagnan] |
| 245 | 1 | 0 | |a D'Artagnan y los tres mosqueteros = |b D'Artagnan et les trois mousquetaires / |c Realización de P. Aknine. |
| 264 | 4 | |a París, Francia : |b GMT Productions ; |a Alemania : |b EOS ; |a Praga, República Checa : |b Okko Productions, |c 2005, c2005 | |
| 264 | 2 | |a México : |b Eurolatinoamericana [distribución], |c fecha no identificada | |
| 300 | |a 2 DVD multirregión |c (92, 90 min.) | ||
| 336 | |a imagen móvil bidimensional |b tdi |2 rdacontenido | ||
| 337 | |a video |b v |2 rdamedio | ||
| 338 | |a videodisco |b vd |2 rdasoporte | ||
| 440 | 1 | |a (Grandes Series Eurolatinoamericana) | |
| 500 | |a Basado en: Los tres mosqueteros, de Alexandre Dumas | ||
| 546 | |a En francés, con subtítulos opcionales: español, inglés | ||
| 649 | |a XX | ||
| 650 | |a Cine de Aventuras | ||
| 650 | |a Telefilmes | ||
| 650 | |a Cine por Televisión - |z Francia | ||
| 650 | |a Cine Francés - |y 2000-2009 | ||
| 650 | |a Cine Francés - |y Siglo XXI | ||
| 650 | |a Novela Francesa - |x Adaptaciones para Cine | ||
| 650 | |a Literatura Francesa - |y Siglo XIX - |x Adaptaciones para Cine | ||
| 650 | |a Literatura y Cine | ||
| 650 | |a Francia - |x Historia - |y Luis XIII, 1610-1643 | ||
| 650 | |a Francia - |x Historia - |y Siglo XVII | ||
| 650 | |a Francia - |x Historia - |y Borbones, 1589-1792 | ||
| 650 | |a Francia - |x Historia - |y Período Clásico, 1515-1774 | ||
| 700 | |a Aknine, Pierre |e (guión) | ||
| 700 | |a Walraevens, Gérard |e (guión) | ||
| 700 | |a Smith, Allen |e (fotógrafo) | ||
| 700 | |a Rouden, Thierry |e (montaje) | ||
| 700 | |a Saïac, Anne |e (montaje) | ||
| 700 | |a Dunkley, Matt |e (música) | ||
| 700 | |a Elbaz, Vincent |e (actuación) | ||
| 700 | |a Béart, Emmanuelle |e (actuación) | ||
| 700 | |a Karyo, Tchéky |e (actuación) | ||
| 910 | |a Fondo General | ||
| 920 | |a Audiovisuales - DVDs | ||
| 940 | |a Películas | ||
| 905 | |a 302 | ||
| 901 | |a 0500142612 |b IT2 |c DVS |u 20250521 | ||
| 901 | |a 0500142611 |b IT2 |c DVS |u 20250521 | ||
| 902 | |a https://opac.biblio.iteso.mx/vufind/Record/000270493 | ||